000
00302nam a2200133Ia 4500
100
_a
Beynon/ R.E.
942
_c
RB
654
_a
Roll design
245
_a
Roll design & mill layout
260
_b
Association of iron & steel
_a
Pittsburgh
_c
1981
082
_a
621.8
300
_a
178
546
_a
ENGLISH
999
_c
31945
_d
31945